Normal view
MARC view
- Jippu Jacob (Guide)
Entry Personal Name
001 - CONTROL NUMBER
- control field: 3564
003 - CONTROL NUMBER IDENTIFIER
- control field: OSt
005 - DATE AND TIME OF LATEST TRANSACTION
- control field: 20181006103052.0
008 - FIXED-LENGTH DATA ELEMENTS
- fixed length control field: 181006|| aca||aabn | a|a d
040 ## - CATALOGING SOURCE
- Original cataloging agency: OSt
- Transcribing agency: OSt
100 ## - HEADING--PERSONAL NAME
- Personal name: Jippu Jacob (Guide)
670 ## - SOURCE DATA FOUND
- Source citation: Work cat.: (OSt)14936: GUBASH AZHIKODAN RAJESH A.N EDWIN BENJAMIN 3563, Development of a rotary mechanism with manual feeding for husking coconut
